Country Flags with 3 Vertical Stripes - DIFFICULT - Statistics

General Stats
  • This quiz has been taken 1,925 times
  • The average score is 14 of 23
Answer Stats
Flag Country % Correct
France
93%
Italy
89%
Belgium
83%
Ireland
82%
Romania
80%
Chad
77%
Peru
76%
Cote d'Ivoire
74%
Mali
68%
Mexico
68%
Nigeria
65%
Guinea
64%
Canada
60%
Moldova
58%
Senegal
58%
Andorra
57%
Cameroon
55%
Guatemala
55%
Mongolia
38%
Afghanistan
35%
Barbados
32%
Saint Vincent and the Grenadines
29%
Turkmenistan
20%
No matching quizzes found
Score Distribution
Percent of People with Each Score
Percentile by Number Answered
Your Score History
You have not taken this quiz